Haut Moyen Âge de A à Z - Statistiques

Statistiques générales
  • Ce quiz a été pris 263 fois
    253 depuis la dernière actualisation
  • Le résultat moyen est 13 sur 23
Statistiques - réponses
Indice Réponse % Correct
C - Empereur carolingien couronné en 800 Charlemagne
99%
I - Religion fondée par Mahomet Islam
91%
B - Empire romain d'orient Byzantin
85%
F - Peuple germanique installé en Gaule Franc
81%
P - Père de Charlemagne Pépin le Bref|Pépin
74%
N - Région française Normandie|Neustrie
72%
L - Fils de Charlemagne Louis le Pieux|Louis
71%
G - Duc de Normandie descendant de Rollon Guillaume le Conquérant|Guillaume
70%
W - Peuple germanique Wisigoth
70%
H - Peuple nomade Huns
65%
Y - Ville anglaise York
64%
J - Célèbre empereur byzantin Justinien
61%
A - Roi semi-légendaire du royaume de Logres Arthur
58%
M - Surnom du grand-père de Charlemagne Martel
58%
V - Commerçant, explorateur ou pillard originaire de Scandinavie Viking
56%
S - Peuple germanique installé en Grande-Bretagne Saxons|Saxon
54%
O - Dynastie arabe Omeyyade
51%
R - Légendaire chef scandinave Ragnar Lodbrok|Ragnar
46%
E - Territoires sous l'autorité du pape États pontificaux
42%
D - Partie de Grande-Bretagne sous domination scandinave Danelaw
19%
T - Roi ostrogoth Théodoric
16%
Z - Empereur d'orient lorsqu'est déposé le dernier empereur d'Occident Zénon
9%
K - Peuple turc converti au judaïsme Khazars|Khazar
5%
Aucun quiz correspondant
Distribution des résultats
% des personnes avec chaque résultat
Percentile par nombre de réponses
Votre historique - résultats
Vous n’avez pas pris ce quiz depuis la dernière actualisation